| 000 | 01010naa a2200325 i 4500 | ||
|---|---|---|---|
| 003 | EG-ScBUE | ||
| 005 | 20260510094630.0 | ||
| 008 | 200219t2026 nyua f 001 0 eng d | ||
| 020 | _a9780443287329 | ||
| 040 |
_aEG-ScBUE _beng _erda _cEG-ScBUE _dEG-ScBUE |
||
| 082 | 0 | 4 |
_222 _a616.0756 _bCLI |
| 245 | 0 | 0 |
_aClinical chemistry / _cWilliam J. Marshall [and three others] |
| 250 | _aTenth edition. | ||
| 250 | _aInternational edition. | ||
| 264 | 1 |
_a[New York] : _bElsevier, _c[2026] |
|
| 264 | 4 | _cc2026 | |
| 300 |
_axiii, 384 pages : _bcolor illustrations ; _c28 cm |
||
| 336 |
_2rdacontent _atext _btxt |
||
| 337 |
_2rdamedia _aunmediated _bn |
||
| 338 |
_2rdacarrier _avolume _bnc |
||
| 500 | _aIncludes index. | ||
| 500 | _aIncludes Appendices. | ||
| 650 | 7 |
_2BUEsh _aClinical chemistry. |
|
| 650 | 7 |
_2BUEsh _aPharmaceutical chemistry. |
|
| 653 |
_cMay2026 _bPPhrm |
||
| 655 | _vReading book | ||
| 700 | 1 |
_aMarshall, William J., _eauthor. |
|
| 942 |
_2ddc _cBB |
||
| 999 |
_c31191 _d31162 |
||